Vylepšenie hráča robotického hokeja

Gespeichert in:
Bibliographische Detailangaben
1. Verfasser: Ščepán, Juraj (Verfasst von)
Weitere Verfasser: Závodský, Marek (Betreuung Doktorarbeit)
Format: Manuskript Buch
Sprache:Slowakisch
Veröffentlicht: STU v Bratislave FIIT, 2009
Schlagworte:
Tags: Tag hinzufügen
Keine Tags, Fügen Sie das erste Tag hinzu!

MARC

LEADER 00000ntm a22000003a 4500
001 stu200432
005 20180209161007.3
008 100304s2009----xo------------------slo-d
040 |a STU  |b slo 
041 0 |a slo 
044 |a xo 
100 1 |a Ščepán, Juraj  |4 aut 
245 1 |a Vylepšenie hráča robotického hokeja 
260 |b STU v Bratislave FIIT,  |c 2009 
300 |a 44 s  |c príl. 
650 7 |a informatika  |2 stusub 
700 1 |a Závodský, Marek  |4 ths 
996 |c I*BAP184/09  |l II680  |s P  |a 0  |w stu200432_0001